000 00667nam a2200181Ia 4500
008 151202s9999||||xx |||||||||||||| ||und||
082 _bPNVM-2852
100 _aपटवर्धन वि.अ.
245 _aसंस्थानातील लोकशाहीचा लढा.
260 _bवि.अ.पटर्वान.
260 _c1940
300 _a138
600 _aपटवर्धन वि.अ.
630 _aसंस्थानातील लोकशाहीचा लढा.
700 _aपटवर्धन वि.अ.
730 _aसंस्थानातील लोकशाहीचा लढा.
942 _cBOOK
999 _c1268850
_d1268847